Ballon d'or 2008 - Statistiques

Statistiques générales
  • Ce quiz a été pris 219 fois
  • Le résultat moyen est 15 sur 25
Statistiques - réponses
Rang Joueurs Nationalité Points % Correct
1 Cristiano Ronaldo Portugal 446
99%
2 Lionel Messi Argentine 281
99%
5 Xavi Espagne 97
95%
9 Zlatan Ibrahimović Suède 30
85%
4 Iker Casillas Espagne 133
79%
21 Didier Drogba Côte d'Ivoire 3
77%
3 Fernando Torres Espagne 179
76%
17 Samuel Eto'o Cameroun 6
76%
7 David Villa Espagne 55
74%
13 Wayne Rooney Angleterre 11
73%
Sergio Ramos Espagne 3
67%
10 Steven Gerrard Angleterre 28
66%
16 Franck Ribéry France 7
63%
8 Kaká Brésil 31
63%
15 Frank Lampard Angleterre 8
62%
18 Gianluigi Buffon Italie 5
53%
12 Emmanuel Adebayor Togo 12
47%
Cesc Fàbregas Espagne 4
43%
14 Sergio Agüero Argentine 10
39%
Ruud van Nistelrooy Pays-Bas 2
35%
Nemanja Vidic Serbie 3
34%
6 Andreï Archavin Russie 64
32%
24 Edwin van der Sar Pays-Bas 2
29%
19 Michael Ballack Allemagne 4
26%
11 Marcos Senna Espagne 16
9%
Aucun quiz correspondant
Distribution des résultats
% des personnes avec chaque résultat
Percentile par nombre de réponses
Votre historique - résultats
Vous n’avez pas pris ce quiz